000 00880nam a2200277Ia 4500
003 OSt
005 20221006155858.0
006 a|||||r|||| 00| 0
007 ta
008 221006b |||||||| |||| 00| 0 eng d
020 _a0891305009
_c¥27216
024 _a43,726
037 _bGift, Japan Foundation
_cTextual
040 _aEASL
_cEASL
_beng
041 _2eng
_aeng
082 _aQ4596y7H94, M1
100 _aSanford James H.
_9670743
245 0 _aZen - Man Ikkyu
260 _aCalifornia
_bScholars Press
_c1981
300 _a321p.
_ccm.
490 _v JEL
_aHarvard University center for the study of world religions: Studies in World Religions, No. 2
650 _a JEL
650 _aPriests - Zen - Japan - Biography
_9670744
942 _hQ4596y7H94, M1
_cTEXL
_2CC
999 _c1111818
_d1111818